[Event "v4camp2016"]
[Site "?"]
[Date "2016.06.22"]
[Round "3.10"]
[White "Holly, Andrej"]
[Black "Urbanski, Wojciech"]
[Result "0-1"]
[BlackElo "1636"]
[WhiteElo "1752"]
[LiveChessVersion "1.4.8"]

1. Nf3 {[%clk 1:30:55]} d5 {[%clk 1:30:56]} 2. g3 {[%clk 1:31:21]} Nf6
{[%clk 1:31:12]} 3. Bg2 {[%clk 1:31:36]} c6 {[%clk 1:31:29]} 4. O-O
{[%clk 1:31:57]} Bf5 {[%clk 1:31:35]} 5. d3 {[%clk 1:31:18]} e6 {[%clk 1:31:31]}
6. Nbd2 {[%clk 1:31:02]} Bd6 {[%clk 1:30:56]} 7. b3 {[%clk 1:30:23]} Nbd7
{[%clk 1:30:11]} 8. Bb2 {[%clk 1:30:19]} Qc7 {[%clk 1:29:30]} 9. c4
{[%clk 1:27:39]} O-O {[%clk 1:28:48]} 10. Rc1 {[%clk 1:26:15]} Rac8
{[%clk 1:27:31]} 11. Re1 {[%clk 1:21:13]} Bg4 {[%clk 1:26:30]} 12. Qc2
{[%clk 1:20:18]} Rfe8 {[%clk 1:23:52]} 13. e4 {[%clk 1:15:41]} dxe4
{[%clk 1:21:13]} 14. Nxe4 {[%clk 1:15:28]} Nxe4 {[%clk 1:20:41]} 15. dxe4
{[%clk 1:15:22]} Ne5 {[%clk 1:19:55]} 16. Nxe5 {[%clk 1:11:46]} Bxe5
{[%clk 1:20:14]} 17. Bxe5 {[%clk 1:11:46]} Qxe5 {[%clk 1:20:37]} 18. Rcd1
{[%clk 1:11:33]} Bxd1 {[%clk 1:20:53]} 19. Rxd1 {[%clk 1:11:43]} Red8
{[%clk 1:21:14]} 20. f4 {[%clk 1:04:16]} Qc5+ {[%clk 1:21:22]} 21. Kh1
{[%clk 1:03:12]} Rd4 {[%clk 1:21:23]} 22. Bf1 {[%clk 0:59:20]} Rcd8
{[%clk 1:21:28]} 23. Bd3 {[%clk 0:59:15]} h6 {[%clk 1:20:28]} 24. e5
{[%clk 0:59:28]} Qe7 {[%clk 1:19:55]} 25. a4 {[%clk 0:55:44]} Qd7
{[%clk 1:19:23]} 26. Bh7+ {[%clk 0:55:41]} Kh8 {[%clk 1:19:52]} 27. Rxd4
{[%clk 0:56:00]} Qxd4 {[%clk 1:20:21]} 28. Be4 {[%clk 0:53:26]} Qd1+
{[%clk 1:19:45]} 29. Qxd1 {[%clk 0:51:07]} Rxd1+ {[%clk 1:20:14]} 30. Kg2
{[%clk 0:51:24]} Rd2+ {[%clk 1:20:41]} 31. Kg1 {[%clk 0:50:14]} Rb2
{[%clk 1:21:01]} 32. a5 {[%clk 0:50:36]} Rxb3 {[%clk 1:20:33]} 33. a6
{[%clk 0:50:57]} bxa6 {[%clk 1:20:38]} 34. Bxc6 {[%clk 0:51:00]} Rc3
{[%clk 1:20:22]} 35. Bb7 {[%clk 0:50:46]} Rxc4 {[%clk 1:20:38]} 36. Bxa6
{[%clk 0:51:08]} Rc6 {[%clk 1:20:41]} 37. Bb5 {[%clk 0:51:25]} Rb6
{[%clk 1:20:59]} 38. Bc4 {[%clk 0:51:03]} a5 {[%clk 1:21:11]} 39. f5
{[%clk 0:51:09]} Kg8 {[%clk 1:21:18]} 40. fxe6 {[%clk 0:51:08]} fxe6
{[%clk 1:21:47]} 41. Kf2 {[%clk 0:51:25]} Kf8 {[%clk 1:21:47]} 42. Ke3
{[%clk 0:51:35]} Ke7 {[%clk 1:22:09]} 43. Kd3 {[%clk 0:51:03]} a4
{[%clk 1:21:37]} 44. Ba2 {[%clk 0:50:41]} Rb2 {[%clk 1:21:44]} 45. Bc4
{[%clk 0:50:59]} a3 {[%clk 1:21:57]} 46. Kc3 {[%clk 0:51:22]} Rxh2
{[%clk 1:22:17]} 0-1

[Event "v4camp2016"]
[Site "?"]
[Date "2016.06.22"]
[Round "3.11"]
[White "Kulesza, Andrzej"]
[Black "Brnusak, Tomas"]
[Result "0-1"]
[BlackElo "1600"]
[WhiteElo "1618"]
[LiveChessVersion "1.4.8"]

1. e4 {[%clk 1:30:53]} c5 {[%clk 1:30:47]} 2. Nf3 {[%clk 1:31:16]} e6
{[%clk 1:31:08]} 3. d4 {[%clk 1:31:31]} cxd4 {[%clk 1:31:26]} 4. Nxd4
{[%clk 1:31:54]} Nc6 {[%clk 1:31:45]} 5. Nc3 {[%clk 1:31:12]} Qc7
{[%clk 1:31:56]} 6. Be3 {[%clk 1:30:21]} a6 {[%clk 1:32:08]} 7. Qd2
{[%clk 1:29:34]} Nf6 {[%clk 1:31:43]} 8. Be2 {[%clk 1:29:20]} b5 {[%clk 1:30:59]}
9. Nxc6 {[%clk 1:27:48]} dxc6 {[%clk 1:30:35]} 10. f3 {[%clk 1:26:44]} Bb7
{[%clk 1:29:33]} 11. Bd3 {[%clk 1:24:10]} c5 {[%clk 1:28:58]} 12. Qf2
{[%clk 1:23:32]} Bd6 {[%clk 1:27:55]} 13. g3 {[%clk 1:21:44]} O-O
{[%clk 1:27:33]} 14. O-O {[%clk 1:18:22]} Rac8 {[%clk 1:25:25]} 15. Rad1
{[%clk 1:16:31]} Qe7 {[%clk 1:24:51]} 16. Nb1 {[%clk 1:15:40]} Rfd8
{[%clk 1:23:30]} 17. c3 {[%clk 1:15:03]} Nd7 {[%clk 1:21:51]} 18. f4
{[%clk 1:12:13]} c4 {[%clk 1:22:11]} 19. Bc2 {[%clk 1:12:34]} Bc5
{[%clk 1:22:23]} 20. Bxc5 {[%clk 1:11:15]} Nxc5 {[%clk 1:22:44]} 21. Nd2
{[%clk 1:10:26]} Nd3 {[%clk 1:22:28]} 22. Bxd3 {[%clk 1:10:48]} Rxd3
{[%clk 1:22:37]} 23. Qe2 {[%clk 1:10:20]} Rcd8 {[%clk 1:22:04]} 24. Rf2
{[%clk 1:08:12]} Qc5 {[%clk 1:22:06]} 25. Kf1 {[%clk 1:07:44]} Qb6
{[%clk 1:20:38]} 26. a3 {[%clk 1:06:29]} g6 {[%clk 1:18:23]} 27. Rf3
{[%clk 1:04:21]} Bxe4 {[%clk 1:15:12]} 28. Rf2 {[%clk 1:00:34]} f5
{[%clk 1:13:16]} 29. Qe1 {[%clk 0:59:17]} Re3 {[%clk 1:12:55]} 30. Nxe4
{[%clk 0:58:38]} Rxe1+ {[%clk 1:13:13]} 31. Rxe1 {[%clk 0:59:03]} fxe4
{[%clk 1:13:33]} 32. Rxe4 {[%clk 0:59:16]} Rd1+ {[%clk 1:12:58]} 33. Kg2
{[%clk 0:59:39]} Kf7 {[%clk 1:12:44]} 34. Rfe2 {[%clk 1:00:00]} Qc6
{[%clk 1:12:39]} 35. Kh3 {[%clk 1:00:15]} Qd5 {[%clk 1:12:37]} 36. Re5
{[%clk 1:00:31]} Qd3 {[%clk 1:11:51]} 37. Kg4 {[%clk 0:58:49]} h5+
{[%clk 1:10:55]} 38. Kg5 {[%clk 0:58:46]} Qd8+ {[%clk 1:10:32]} 39. Kh6
{[%clk 0:59:03]} Qh8+ {[%clk 1:10:37]} 40. Kg5 {[%clk 0:59:25]} Qf6+
{[%clk 1:10:59]} 41. Kh6 {[%clk 0:59:46]} Rd8 {[%clk 1:11:22]} 42. Rxe6
{[%clk 0:59:56]} Rh8# 0-1

[Event "v4camp2016"]
[Site "?"]
[Date "2016.06.22"]
[Round "3.12"]
[White "Korenova, Simona"]
[Black "Waszczuk, Patrycja"]
[Result "0-1"]
[BlackElo "1798"]
[WhiteElo "1530"]
[LiveChessVersion "1.4.8"]

1. d4 {[%clk 1:30:58]} d5 {[%clk 1:30:38]} 2. c4 {[%clk 1:31:20]} c6
{[%clk 1:30:47]} 3. Nc3 {[%clk 1:31:23]} Nf6 {[%clk 1:30:46]} 4. Nf3
{[%clk 1:30:59]} dxc4 {[%clk 1:30:44]} 5. e4 {[%clk 1:31:13]} b5 {[%clk 1:30:51]}
6. e5 {[%clk 1:26:30]} Nd5 {[%clk 1:30:46]} 7. Nxd5 {[%clk 1:25:44]} Qxd5
{[%clk 1:29:33]} 8. a4 {[%clk 1:22:56]} Bg4 {[%clk 1:28:09]} 9. Be2
{[%clk 1:20:27]} e6 {[%clk 1:26:57]} 10. O-O {[%clk 1:19:56]} Be7
{[%clk 1:25:55]} 11. Be3 {[%clk 1:12:58]} O-O {[%clk 1:24:42]} 12. Qd2
{[%clk 1:08:42]} Nd7 {[%clk 1:23:31]} 13. axb5 {[%clk 0:56:04]} cxb5
{[%clk 1:23:21]} 14. Ra5 {[%clk 0:52:43]} Bd8 {[%clk 1:21:00]} 15. Ra3
{[%clk 0:49:42]} Bb6 {[%clk 1:19:31]} 16. h3 {[%clk 0:39:43]} Bh5
{[%clk 1:15:37]} 17. g4 {[%clk 0:32:43]} Bg6 {[%clk 1:14:57]} 18. Ng5
{[%clk 0:30:54]} Qc6 {[%clk 1:08:14]} 19. Bf3 {[%clk 0:29:05]} Qc7
{[%clk 1:08:35]} 20. Bxa8 {[%clk 0:29:07]} Rxa8 {[%clk 1:09:04]} 21. Qb4
{[%clk 0:25:13]} h6 {[%clk 1:02:47]} 22. Nf3 {[%clk 0:24:38]} Qb7
{[%clk 1:02:08]} 23. Nd2 {[%clk 0:22:33]} a6 {[%clk 0:59:54]} 24. Rc1
{[%clk 0:18:09]} h5 {[%clk 0:57:44]} 25. f3 {[%clk 0:16:35]} hxg4
{[%clk 0:56:55]} 26. hxg4 {[%clk 0:16:31]} Bd8 {[%clk 0:52:52]} 27. Raa1
{[%clk 0:11:43]} Nb6 {[%clk 0:52:34]} 28. Qa3 {[%clk 0:09:28]} Be7
{[%clk 0:52:44]} 29. Qa2 {[%clk 0:07:40]} Nd5 {[%clk 0:53:04]} 30. Bf2
{[%clk 0:05:10]} Nb4 {[%clk 0:52:42]} 31. Qa5 {[%clk 0:05:17]} Nd3
{[%clk 0:52:31]} 32. Rd1 {[%clk 0:03:57]} Bb4 {[%clk 0:49:36]} 33. Qa2
{[%clk 0:04:06]} Bxd2 {[%clk 0:50:01]} 34. Rxd2 {[%clk 0:04:20]} Qxf3
{[%clk 0:50:22]} 35. Kf1 {[%clk 0:03:09]} Nxf2 {[%clk 0:50:35]} 36. Rxf2
{[%clk 0:03:30]} Qh1+ {[%clk 0:50:07]} 37. Ke2 {[%clk 0:03:54]} Qe4+
{[%clk 0:50:33]} 38. Kf1 {[%clk 0:04:02]} Qxd4 {[%clk 0:50:47]} 39. Re1
{[%clk 0:03:32]} Bd3+ {[%clk 0:51:09]} 40. Kg1 {[%clk 0:03:47]} Qxg4+
{[%clk 0:51:24]} 41. Kh2 {[%clk 0:03:40]} Qh4+ {[%clk 0:51:13]} 42. Kg1
{[%clk 0:03:53]} Qg3+ {[%clk 0:51:29]} 43. Kh1 {[%clk 0:03:57]} Qxf2
{[%clk 0:51:35]} 0-1

[Event "v4camp2016"]
[Site "?"]
[Date "2016.06.22"]
[Round "3.13"]
[White "Szotkowski, David"]
[Black "Chwistek, Karel"]
[Result "0-1"]
[BlackElo "1945"]
[WhiteElo "1783"]
[LiveChessVersion "1.4.8"]

1. d4 {[%clk 1:30:57]} Nf6 {[%clk 1:30:46]} 2. c4 {[%clk 1:31:18]} e6
{[%clk 1:30:52]} 3. Nf3 {[%clk 1:31:17]} b6 {[%clk 1:31:01]} 4. g3
{[%clk 1:30:52]} Ba6 {[%clk 1:30:57]} 5. b3 {[%clk 1:30:14]} Bb4+
{[%clk 1:31:07]} 6. Nbd2 {[%clk 1:28:36]} c5 {[%clk 1:27:23]} 7. Bg2
{[%clk 1:28:04]} d5 {[%clk 1:25:58]} 8. O-O {[%clk 1:25:34]} Bc3 {[%clk 1:23:53]}
9. Rb1 {[%clk 1:25:24]} cxd4 {[%clk 1:22:44]} 10. Bb2 {[%clk 1:24:33]} Nc6
{[%clk 1:21:11]} 11. Qc2 {[%clk 1:22:35]} Nb4 {[%clk 1:18:46]} 12. Qd1
{[%clk 1:21:28]} Rc8 {[%clk 1:18:20]} 13. Nxd4 {[%clk 1:21:09]} Bxd4
{[%clk 1:14:56]} 14. Bxd4 {[%clk 1:21:17]} O-O {[%clk 1:13:19]} 15. a3
{[%clk 1:19:03]} Nc6 {[%clk 1:10:38]} 16. Bxf6 {[%clk 1:18:45]} Qxf6
{[%clk 1:10:28]} 17. cxd5 {[%clk 1:18:45]} Nd4 {[%clk 1:07:34]} 18. Nc4
{[%clk 1:00:33]} Rfd8 {[%clk 0:59:10]} 19. e4 {[%clk 1:00:14]} exd5
{[%clk 0:58:11]} 20. exd5 {[%clk 0:57:29]} Nxb3 {[%clk 0:57:51]} 21. Nxb6
{[%clk 0:54:32]} axb6 {[%clk 0:57:26]} 22. Qxb3 {[%clk 0:53:13]} Bxf1
{[%clk 0:57:30]} 23. Bxf1 {[%clk 0:53:30]} Rd6 {[%clk 0:53:03]} 24. Bb5
{[%clk 0:51:37]} Rc3 {[%clk 0:52:21]} 25. Re1 {[%clk 0:50:40]} g6
{[%clk 0:52:12]} 26. Qa2 {[%clk 0:50:03]} h5 {[%clk 0:49:41]} 27. Re4
{[%clk 0:46:11]} Qf3 {[%clk 0:45:26]} 28. Re8+ {[%clk 0:41:13]} Kg7
{[%clk 0:43:55]} 29. Qa1 {[%clk 0:36:42]} Rf6 {[%clk 0:44:00]} 30. Qe1
{[%clk 0:34:12]} Rxa3 {[%clk 0:43:17]} 31. Re3 {[%clk 0:32:10]} Rxe3
{[%clk 0:43:20]} 32. Qxe3 {[%clk 0:31:48]} Qxe3 {[%clk 0:42:20]} 33. fxe3
{[%clk 0:32:01]} Rf3 {[%clk 0:42:11]} 34. d6 {[%clk 0:31:47]} Rxe3
{[%clk 0:42:40]} 35. Kf2 {[%clk 0:30:07]} Re6 {[%clk 0:43:07]} 36. d7
{[%clk 0:29:05]} Rd6 {[%clk 0:43:35]} 37. Ke3 {[%clk 0:28:33]} f6
{[%clk 0:43:58]} 38. Ba4 {[%clk 0:21:26]} Kf7 {[%clk 0:43:57]} 39. Bb3+
{[%clk 0:19:57]} Ke7 {[%clk 0:44:21]} 40. Bg8 {[%clk 0:19:12]} Rxd7
{[%clk 0:44:26]} 41. h4 {[%clk 0:18:57]} Ra7 {[%clk 0:44:08]} 42. Kf3
{[%clk 0:17:54]} Ra3+ {[%clk 0:44:21]} 43. Kf2 {[%clk 0:17:59]} Rc3
{[%clk 0:44:15]} 44. Kg2 {[%clk 0:17:33]} b5 {[%clk 0:44:43]} 0-1

[Event "v4camp2016"]
[Site "?"]
[Date "2016.06.22"]
[Round "3.14"]
[White "Gemsa, Pavel"]
[Black "Berezjuk, Rostislav"]
[Result "1/2-1/2"]
[BlackElo "1588"]
[WhiteElo "1973"]
[LiveChessVersion "1.4.8"]

1. e4 {[%clk 1:30:57]} e5 {[%clk 1:30:47]} 2. Bc4 {[%clk 1:31:15]} Nf6
{[%clk 1:30:33]} 3. d4 {[%clk 1:31:07]} exd4 {[%clk 1:06:43]} 4. Nf3
{[%clk 1:31:30]} d5 {[%clk 1:03:27]} 5. exd5 {[%clk 1:30:30]} Nxd5
{[%clk 1:02:32]} 6. Qxd4 {[%clk 1:30:18]} Be6 {[%clk 0:57:31]} 7. Bg5
{[%clk 1:27:13]} Nc6 {[%clk 0:54:44]} 8. Bb5 {[%clk 1:21:03]} f6 {[%clk 0:49:40]}
9. Qe4 {[%clk 1:19:16]} Qd7 {[%clk 0:46:41]} 10. Nd4 {[%clk 1:19:06]} Kf7
{[%clk 0:44:36]} 11. Qxe6+ {[%clk 1:11:40]} Qxe6+ {[%clk 0:44:47]} 12. Nxe6
{[%clk 1:12:02]} Kxe6 {[%clk 0:45:04]} 13. Bd2 {[%clk 1:11:20]} Bc5
{[%clk 0:38:24]} 14. Nc3 {[%clk 1:09:59]} Nxc3 {[%clk 0:36:59]} 15. Bxc3
{[%clk 1:10:19]} Rhe8 {[%clk 0:35:42]} 16. O-O {[%clk 1:10:26]} Kf7
{[%clk 0:35:52]} 17. b4 {[%clk 1:09:48]} Bd6 {[%clk 0:35:52]} 18. a3
{[%clk 1:03:49]} a6 {[%clk 0:35:24]} 19. Bc4+ {[%clk 1:03:21]} Kf8
{[%clk 0:35:47]} 20. Bd3 {[%clk 1:02:20]} Kg8 {[%clk 0:34:47]} 21. f4
{[%clk 0:59:55]} Rad8 {[%clk 0:27:09]} 22. g3 {[%clk 0:59:26]} Bf8
{[%clk 0:23:39]} 23. Rfe1 {[%clk 0:58:40]} Re7 {[%clk 0:23:18]} 24. Kf2
{[%clk 0:57:06]} Rde8 {[%clk 0:22:54]} 25. Bc4+ {[%clk 0:57:11]} Kh8
{[%clk 0:23:11]} 26. Bf7 {[%clk 0:57:03]} Rxe1 {[%clk 0:22:44]} 27. Rxe1
{[%clk 0:57:31]} Rxe1 {[%clk 0:22:55]} 28. Kxe1 {[%clk 0:57:55]} Be7
{[%clk 0:23:05]} 29. Bd5 {[%clk 0:58:14]} g6 {[%clk 0:22:49]} 30. Ke2
{[%clk 0:57:30]} Kg7 {[%clk 0:22:29]} 31. g4 {[%clk 0:57:05]} Nd8
{[%clk 0:21:17]} 32. Ke3 {[%clk 0:55:54]} c6 {[%clk 0:21:27]} 33. Bb3
{[%clk 0:56:02]} h6 {[%clk 0:20:35]} 34. h4 {[%clk 0:55:43]} Nf7 {[%clk 0:19:47]}
35. Bxf7 {[%clk 0:50:44]} Kxf7 {[%clk 0:17:52]} 36. Ke4 {[%clk 0:50:52]} Ke6
{[%clk 0:16:45]} 37. f5+ {[%clk 0:49:57]} gxf5+ {[%clk 0:16:53]} 38. gxf5+
{[%clk 0:50:21]} Kd7 {[%clk 0:16:37]} 39. h5 {[%clk 0:49:57]} b5 {[%clk 0:15:43]}
40. Bd2 {[%clk 0:49:44]} Bf8 {[%clk 0:16:07]} 41. Kd4 {[%clk 0:49:36]} Kc7
{[%clk 0:15:55]} 42. Be3 {[%clk 0:48:09]} Kb7 {[%clk 0:14:28]} 43. c4 Kb6
{[%clk 0:13:30]} 1/2-1/2

[Event "v4camp2016"]
[Site "?"]
[Date "2016.06.22"]
[Round "3.15"]
[White "Fortiak, Samuel"]
[Black "Vavrinkova, Eliska"]
[Result "1/2-1/2"]
[BlackElo "1679"]
[WhiteElo "1503"]
[LiveChessVersion "1.4.8"]

1. e4 {[%clk 1:30:55]} d5 {[%clk 1:27:40]} 2. exd5 {[%clk 1:30:55]} Qxd5
{[%clk 1:28:04]} 3. d4 {[%clk 1:29:50]} Nf6 {[%clk 1:28:27]} 4. Nf3
{[%clk 1:29:28]} Bg4 {[%clk 1:28:32]} 5. Be2 {[%clk 1:29:11]} Nc6
{[%clk 1:28:21]} 6. c3 {[%clk 1:26:52]} e6 {[%clk 1:27:25]} 7. Bf4
{[%clk 1:22:47]} Bd6 {[%clk 1:22:49]} 8. Bxd6 {[%clk 1:19:42]} Qxd6
{[%clk 1:23:06]} 9. Nbd2 {[%clk 1:19:22]} O-O {[%clk 1:23:09]} 10. Nc4
{[%clk 1:13:41]} Qe7 {[%clk 1:22:55]} 11. Nfe5 {[%clk 1:11:01]} Bxe2
{[%clk 1:21:39]} 12. Qxe2 {[%clk 1:10:40]} Nxe5 {[%clk 1:21:34]} 13. Nxe5
{[%clk 1:10:06]} Nd5 {[%clk 1:21:27]} 14. Nd3 {[%clk 1:09:31]} Rfd8
{[%clk 1:20:20]} 15. O-O {[%clk 1:08:24]} a5 {[%clk 1:19:21]} 16. a4
{[%clk 1:05:18]} c6 {[%clk 1:18:32]} 17. Rfe1 {[%clk 0:58:43]} b5
{[%clk 1:15:58]} 18. Ne5 {[%clk 0:55:03]} Qb7 {[%clk 1:15:36]} 19. Red1
{[%clk 0:49:33]} Ne7 {[%clk 1:13:03]} 20. Rd2 {[%clk 0:48:08]} Rd6
{[%clk 1:11:48]} 21. axb5 {[%clk 0:43:52]} cxb5 {[%clk 1:11:25]} 22. Qf3
{[%clk 0:42:58]} Qxf3 {[%clk 1:10:30]} 23. Nxf3 {[%clk 0:42:30]} Nc6
{[%clk 1:10:41]} 24. b3 {[%clk 0:41:23]} Rad8 {[%clk 1:08:21]} 25. Rad1
{[%clk 0:38:00]} Ne7 {[%clk 1:05:09]} 26. Ra1 {[%clk 0:32:02]} Ra6
{[%clk 1:03:53]} 27. g3 {[%clk 0:27:35]} Rc8 {[%clk 1:02:33]} 28. Rc2
{[%clk 0:26:37]} a4 {[%clk 1:01:47]} 29. bxa4 {[%clk 0:25:05]} bxa4
{[%clk 1:00:22]} 30. Rca2 {[%clk 0:24:17]} Rxc3 {[%clk 0:59:29]} 31. Rxa4
{[%clk 0:24:27]} Rxa4 {[%clk 0:59:09]} 32. Rxa4 {[%clk 0:24:50]} g6
{[%clk 0:59:35]} 33. Kg2 {[%clk 0:24:44]} Nf5 {[%clk 0:58:58]} 34. Ra2
{[%clk 0:23:11]} Rd3 {[%clk 0:57:09]} 35. Ra4 {[%clk 0:21:21]} Kg7
{[%clk 0:57:06]} 1/2-1/2

[Event "v4camp2016"]
[Site "?"]
[Date "2016.06.22"]
[Round "3.16"]
[White "Gemsova, Tereza"]
[Black "Niczyporuk, Jakub"]
[Result "0-1"]
[BlackElo "1227"]
[WhiteElo "1457"]
[LiveChessVersion "1.4.8"]

1. e4 {[%clk 1:30:58]} c5 {[%clk 1:30:52]} 2. Nf3 {[%clk 1:31:23]} Nc6 3. d4
{[%clk 1:31:49]} cxd4 {[%clk 1:31:35]} 4. Nxd4 {[%clk 1:32:07]} Qb6
{[%clk 1:32:02]} 5. Nb3 {[%clk 1:31:30]} e6 {[%clk 1:31:51]} 6. Be3
{[%clk 1:31:30]} Qc7 {[%clk 1:31:38]} 7. Nc3 {[%clk 1:31:10]} Nf6
{[%clk 1:31:04]} 8. f3 {[%clk 1:30:01]} a6 {[%clk 1:28:45]} 9. Be2
{[%clk 1:29:18]} Rb8 {[%clk 1:26:56]} 10. a4 {[%clk 1:27:52]} Bb4
{[%clk 1:23:45]} 11. Qd2 {[%clk 1:26:55]} d5 {[%clk 1:22:55]} 12. Bf4
{[%clk 1:26:37]} Bxc3 {[%clk 1:22:56]} 13. bxc3 {[%clk 1:26:33]} e5
{[%clk 1:22:35]} 14. Bg3 {[%clk 1:25:07]} dxe4 {[%clk 1:21:40]} 15. Qg5
{[%clk 1:24:14]} O-O {[%clk 1:20:48]} 16. O-O {[%clk 1:20:24]} h6
{[%clk 1:19:20]} 17. Qe3 {[%clk 1:20:00]} Bf5 {[%clk 1:16:23]} 18. f4
{[%clk 1:19:48]} Nd5 {[%clk 1:15:45]} 19. Qd2 {[%clk 1:19:01]} Nxf4 20. Bxf4
{[%clk 1:19:19]} exf4 {[%clk 1:13:30]} 21. Rxf4 {[%clk 1:18:50]} Rbd8
{[%clk 1:13:31]} 22. Nd4 {[%clk 1:13:22]} Nxd4 {[%clk 1:13:31]} 23. cxd4
{[%clk 1:13:45]} Rxd4 {[%clk 1:13:37]} 24. Qxd4 {[%clk 0:59:58]} Qxf4
{[%clk 1:13:15]} 25. Rf1 {[%clk 0:56:15]} Qg5 {[%clk 1:12:13]} 26. Qd5
{[%clk 0:48:31]} Qe3+ {[%clk 1:10:36]} 27. Rf2 {[%clk 0:44:23]} Bc8
{[%clk 1:10:06]} 28. h3 {[%clk 0:40:58]} Qc1+ {[%clk 1:09:46]} 29. Bf1
{[%clk 0:40:33]} e3 {[%clk 1:08:31]} 30. Re2 {[%clk 0:40:27]} Be6
{[%clk 1:08:50]} 31. Qd3 {[%clk 0:40:27]} Rc8 {[%clk 1:08:44]} 32. Qe4
{[%clk 0:38:13]} Rc6 {[%clk 1:05:38]} 33. Rxe3 {[%clk 0:32:32]} Qxc2
{[%clk 1:05:03]} 0-1

[Event "v4camp2016"]
[Site "?"]
[Date "2016.06.22"]
[Round "3.17"]
[White "Suchomelova, Simona"]
[Black "Janecek, Miroslav"]
[Result "1-0"]
[BlackElo "1454"]
[WhiteElo "1833"]
[LiveChessVersion "1.4.8"]

1. e4 {[%clk 1:30:27]} c5 {[%clk 1:30:49]} 2. Nf3 {[%clk 1:30:44]} g6
{[%clk 1:31:13]} 3. d4 {[%clk 1:30:52]} cxd4 {[%clk 1:31:38]} 4. Nxd4
{[%clk 1:30:46]} Bg7 {[%clk 1:32:02]} 5. Nc3 {[%clk 1:30:05]} Nc6
{[%clk 1:32:22]} 6. Nde2 {[%clk 1:29:21]} d6 {[%clk 1:28:30]} 7. g3
{[%clk 1:23:00]} Nf6 {[%clk 1:27:07]} 8. Bg2 {[%clk 1:22:13]} Bg4
{[%clk 1:25:25]} 9. h3 {[%clk 1:21:37]} Be6 {[%clk 1:25:04]} 10. O-O
{[%clk 1:21:15]} Qd7 {[%clk 1:25:15]} 11. Kh2 {[%clk 1:20:22]} h5
{[%clk 1:18:45]} 12. Nd5 {[%clk 1:18:04]} Bxd5 {[%clk 1:16:21]} 13. exd5
{[%clk 1:18:12]} Ne5 {[%clk 1:15:05]} 14. Rb1 {[%clk 1:14:49]} Nfg4+
{[%clk 1:04:27]} 15. Kg1 {[%clk 1:07:38]} Nf6 {[%clk 0:58:10]} 16. b3
{[%clk 1:06:01]} Qc8 {[%clk 0:51:11]} 17. c4 {[%clk 1:02:05]} Qf5
{[%clk 0:43:57]} 18. Bf4 {[%clk 0:57:44]} Nh7 {[%clk 0:39:29]} 19. Nd4
{[%clk 0:55:18]} Qf6 {[%clk 0:36:53]} 20. Be3 {[%clk 0:50:46]} Nf8
{[%clk 0:30:21]} 21. Nb5 {[%clk 0:46:20]} Kd8 {[%clk 0:27:02]} 22. f4
{[%clk 0:44:38]} Ned7 {[%clk 0:25:13]} 23. Bd4 {[%clk 0:42:49]} e5
{[%clk 0:24:53]} 24. dxe6 {[%clk 0:40:22]} Qxe6 {[%clk 0:25:02]} 25. Bxg7
{[%clk 0:39:54]} Qe3+ {[%clk 0:25:06]} 26. Kh2 {[%clk 0:38:58]} Rg8
{[%clk 0:25:29]} 27. Bxf8 {[%clk 0:37:41]} Nxf8 {[%clk 0:25:27]} 28. Qxd6+ Nd7
{[%clk 0:25:46]} 29. Qc7+ {[%clk 0:37:25]} 1-0

[Event "v4camp2016"]
[Site "?"]
[Date "2016.06.22"]
[Round "3.18"]
[White "Palyza, Lukas"]
[Black "Nemcova, Kamila"]
[Result "0-1"]
[BlackElo "1743"]
[WhiteElo "1348"]
[LiveChessVersion "1.4.8"]

1. e4 {[%clk 1:30:58]} c5 {[%clk 1:30:51]} 2. Bc4 {[%clk 1:31:25]} d6
{[%clk 1:30:12]} 3. Nf3 {[%clk 1:30:42]} Nf6 {[%clk 1:27:17]} 4. Nc3
{[%clk 1:29:56]} Nc6 {[%clk 1:25:33]} 5. d4 {[%clk 1:29:06]} cxd4
{[%clk 1:25:31]} 6. Nxd4 {[%clk 1:29:20]} g6 {[%clk 1:24:41]} 7. Be3
{[%clk 1:29:34]} Bg7 {[%clk 1:24:44]} 8. O-O {[%clk 1:27:21]} O-O
{[%clk 1:23:18]} 9. Re1 {[%clk 1:24:31]} Bd7 {[%clk 1:17:31]} 10. a3
{[%clk 1:22:05]} Rc8 {[%clk 1:17:24]} 11. Ba2 {[%clk 1:16:11]} Qa5
{[%clk 1:10:55]} 12. b4 {[%clk 1:15:41]} Qd8 {[%clk 1:09:46]} 13. b5
{[%clk 1:10:59]} Nxd4 {[%clk 1:08:09]} 14. Qxd4 {[%clk 1:08:13]} Ng4
{[%clk 1:07:23]} 15. Qd1 {[%clk 1:05:03]} Bxc3 {[%clk 1:05:20]} 0-1

[Event "v4camp2016"]
[Site "?"]
[Date "2016.06.22"]
[Round "3.20"]
[White "Vavrinkova, Anna"]
[Black "Broz, Petr"]
[Result "0-1"]
[BlackElo "1621"]
[WhiteElo "1333"]
[LiveChessVersion "1.4.8"]

1. e4 {[%clk 1:30:59]} e6 {[%clk 1:30:34]} 2. d4 {[%clk 1:30:40]} d5
{[%clk 1:29:54]} 3. Nd2 {[%clk 1:29:33]} Nf6 {[%clk 1:28:51]} 4. e5
{[%clk 1:26:47]} Nfd7 {[%clk 1:27:11]} 5. Ngf3 {[%clk 1:24:04]} c5
{[%clk 1:26:40]} 6. c3 {[%clk 1:22:45]} Nc6 {[%clk 1:25:07]} 7. Bb5
{[%clk 1:22:09]} Qb6 {[%clk 1:23:41]} 8. Bxc6 {[%clk 1:21:54]} bxc6
{[%clk 1:22:04]} 9. Qb3 {[%clk 1:21:12]} cxd4 {[%clk 0:55:33]} 10. cxd4
{[%clk 1:20:43]} Qa6 {[%clk 0:51:58]} 11. Qc2 {[%clk 1:19:37]} c5
{[%clk 0:50:17]} 12. Nb3 {[%clk 1:19:12]} Qa4 {[%clk 0:45:43]} 13. Qc3
{[%clk 1:16:47]} c4 {[%clk 0:45:23]} 14. Nbd2 {[%clk 1:16:56]} Bb4
{[%clk 0:43:36]} 15. Qe3 {[%clk 1:16:08]} Ba6 {[%clk 0:40:19]} 16. a3
{[%clk 1:15:15]} Rc8 {[%clk 0:38:32]} 17. Rb1 {[%clk 1:15:10]} c3
{[%clk 0:38:04]} 18. axb4 {[%clk 1:14:37]} c2 {[%clk 0:38:20]} 19. b3
{[%clk 1:13:33]} cxb1=Q {[%clk 0:37:32]} 20. Nxb1 {[%clk 1:13:49]} Qa2
{[%clk 0:37:35]} 0-1